| 000 | 00843nam a22002297a 4500 | ||
|---|---|---|---|
| 005 | 20240501163619.0 | ||
| 010 | _aHIN-127440 | ||
| 020 |
_a9788182800540 _c250.00 |
||
| 035 | _aHN-99786 | ||
| 037 | _bDBAD | ||
| 082 | _a841 | ||
| 100 |
_aशशिकांत _965407 |
||
| 245 |
_aसफ़र में हूँ: _bगजल-संग्रह / _cशशिकांत |
||
| 246 |
_aMain Safar May Hun _bby Shashikant |
||
| 250 | _aप्रथम | ||
| 260 |
_aदिल्ली _bअमृत प्रकाशन _c2011 |
||
| 270 |
_aशाहदरा _bदिल्ली _e110032 |
||
| 300 |
_a96पृ.: _c22सेमी (सजिल्द) _bसचित्र |
||
| 650 |
_aहिन्दी कविता _965408 |
||
| 650 |
_aHindi poetry _965409 |
||
| 942 |
_2ddc _cHN _h841 _mशशिकां |
||
| 999 |
_c202508 _d202508 |
||